000
00231nam a22001097a 4500
082
_a
671.521 ELE'P
100
_a
PATON, B
_9
80685
245
_a
ELECTRIC SLAG WELDING
260
_a
MOSCOW
_b
MIR
_c
1967
300
_a
386P
942
_c
BK
999
_c
585583
_d
585583